[Event "Cambridge op 3rd"]
[Site "Cambridge"]
[Date "2025.05.31"]
[Round "9"]
[White "Lee, Yuk Hei"]
[Black "Brett, Andrew"]
[Result "0-1"]
[WhiteElo "1870"]
[BlackElo "2057"]
[PlyCount "134"]
[EventDate "2025.05.26"]
[EventType "tourn"]
[EventRounds "9"]
[EventCountry "ENG"]
[SourceTitle "CB23_2025"]
[SourceDate "2025.06.04"]
[SourceVersion "1"]
[SourceVersionDate "2025.06.04"]
[SourceQuality "1"]

1. e4 c5 2. Nc3 g6 3. Nf3 Bg7 4. Bc4 Nc6 5. d3 a6 6. a4 d6 7. Be3 Nd4 8. h3 e6 9. 0-0 Ne7 10. Nd2 0-0 11. f4 Rb8 12. Ba2 b5 13. Nf3 Nxf3+ 14. Qxf3 bxa4 15. Nxa4 Bd7 16. Bb3 Bc6 17. Qf2 Qd7 18. Rfe1 Rb4 19. Nc3 Ra8 20. Ra5 Bb7 21. Rea1 Nc6 22. R5a4 Rxa4 23. Nxa4 Qc7 24. Kh1 Nd4 25. Bxd4 Bxd4 26. Qe2 Kh8 27. e5 c4 28. Bxc4 Kg8 29. c3 Ba7 30. d4 a5 31. exd6 Qxd6 32. Qf2 Rc8 33. b3 Bc6 34. Qe3 Bb8 35. Nc5 Qxf4 36. Qxf4 Bxf4 37. Nxe6 Bd2 38. Rxa5 Bxc3 39. Rc5 Bb4 40. Re5 Ra8 41. Nc5 Ra1+ 42. Kh2 Ra2 43. Bd5 Bxd5 44. Rxd5 Rb2 45. Rd8+ Kg7 46. Rb8 Rxb3 47. Nxb3 Bd6+ 48. g3 Bxb8 49. Kg2 Kf6 50. Nc5 Ba7 51. Kf3 Bxc5 52. dxc5 Ke5 53. Kg4 f6 54. c6 Kd6 55. h4 Kxc6 56. h5 Kd5 57. hxg6 hxg6 58. Kf4 Kd4 59. g4 Kd5 60. Kf3 Ke5 61. Ke3 g5 62. Kd3 Kf4 63. Ke2 Kxg4 64. Kf2 Kf4 65. Kg2 Ke3 66. Kf1 Kf3 67. Kg1 Ke2 0-1

[Event "Cambridge op 3rd"]
[Site "Cambridge"]
[Date "2025.05.26"]
[Round "2"]
[White "Brett, Andrew"]
[Black "Mittal, Aditya"]
[Result "1/2-1/2"]
[WhiteElo "2057"]
[BlackElo "1849"]
[PlyCount "71"]
[EventDate "2025.05.26"]
[EventType "tourn"]
[EventRounds "9"]
[EventCountry "ENG"]
[SourceTitle "CB23_2025"]
[SourceDate "2025.06.04"]
[SourceVersion "1"]
[SourceVersionDate "2025.06.04"]
[SourceQuality "1"]

1. d4 Nf6 2. c4 e6 3. Nf3 d5 4. g3 dxc4 5. Bg2 c5 6. 0-0 Nc6 7. Ne5 Bd7 8. Na3 cxd4 9. Naxc4 Bc5 10. Bg5 Rc8 11. Bxf6 gxf6 12. Nxd7 Qxd7 13. Nd2 f5 14. Nb3 Bb6 15. Qd2 Ne5 16. Qf4 f6 17. Rad1 Rc4 18. Qh6 Qe7 19. Rc1 Rf8 20. Rxc4 Nxc4 21. Bf3 Nd6 22. Rd1 e5 23. Bd5 Kd8 24. Kg2 Kc8 25. a4 Ne4 26. a5 Bc7 27. Qh5 Ng5 28. h4 Qd6 29. Bf3 Nxf3 30. Qxf5+ Kb8 31. exf3 Qd5 32. Nd2 Bxa5 33. Ne4 Qf7 34. Nc5 Rd8 35. Ne4 Rf8 36. Nc5 1/2-1/2

[Event "ENG-ch Seniors 50"]
[Site "Kenilworth"]
[Date "2025.04.27"]
[Round "6"]
[White "Brett, Andrew"]
[Black "James, Russell A"]
[Result "1/2-1/2"]
[WhiteElo "2060"]
[BlackElo "2086"]
[PlyCount "34"]
[EventDate "2025.04.24"]
[EventType "swiss"]
[EventRounds "7"]
[EventCountry "ENG"]
[SourceTitle "CB18_2025"]
[SourceDate "2025.04.30"]
[SourceVersion "1"]
[SourceVersionDate "2025.04.30"]
[SourceQuality "1"]

1. c4 c5 2. Nf3 Nf6 3. g3 g6 4. Bg2 Bg7 5. 0-0 0-0 6. d4 cxd4 7. Nxd4 Nc6 8. Nc3 d6 9. e3 Bd7 10. b3 Qa5 11. Bb2 a6 12. a3 Rac8 13. Rc1 Qb6 14. c5 Qa7 15. cxd6 exd6 16. Nxc6 Bxc6 17. Bxc6 Rxc6 1/2-1/2

[Event "British Rapidplay"]
[Site "Peterborough"]
[Date "2025.03.01"]
[Round "6"]
[White "Bramson, Mike"]
[Black "Brett, Andrew"]
[Result "0-1"]
[WhiteElo "1895"]
[BlackElo "2060"]
[PlyCount "32"]
[EventDate "2025.03.01"]
[EventType "swiss (rapid)"]
[EventRounds "11"]
[EventCountry "ENG"]
[SourceTitle "CB10_2025"]
[SourceDate "2025.03.05"]
[SourceVersion "1"]
[SourceVersionDate "2025.03.05"]
[SourceQuality "1"]

1. e4 c6 2. d4 d5 3. Nc3 dxe4 4. Bc4 Nf6 5. f3 exf3 6. Nxf3 Bf5 7. 0-0 e6 8. Ne5 Bg6 9. Be3 Bd6 10. Qe2 0-0 11. Rad1 Bh5 12. g4 Nxg4 13. Nxg4 Qh4 14. Bxe6 fxe6 15. Rxf8+ Bxf8 16. Bf2 Qxg4+ 0-1

[Event "British Rapidplay"]
[Site "Peterborough"]
[Date "2025.03.01"]
[Round "3"]
[White "Brett, Andrew"]
[Black "Gasanov, Eldar"]
[Result "0-1"]
[WhiteElo "2060"]
[BlackElo "2469"]
[PlyCount "46"]
[EventDate "2025.03.01"]
[EventType "swiss (rapid)"]
[EventRounds "11"]
[EventCountry "ENG"]
[SourceTitle "CB10_2025"]
[SourceDate "2025.03.05"]
[SourceVersion "1"]
[SourceVersionDate "2025.03.05"]
[SourceQuality "1"]

1. Nf3 d6 2. e4 Nf6 3. Nc3 c5 4. d4 cxd4 5. Nxd4 Nc6 6. Bg5 Bd7 7. f3 Rc8 8. Qd2 Nxd4 9. Qxd4 Qa5 10. Qd2 e6 11. Bf4 d5 12. exd5 Bb4 13. dxe6 Bxe6 14. Bd6 a6 15. Bxb4 Qxb4 16. Nd1 Qc5 17. c3 0-0 18. Be2 Rcd8 19. Qc1 Rfe8 20. Nf2 Bc4 21. 0-0 Rxe2 22. b3 Rdd2 23. bxc4 Rxf2 0-1

[Event "Isle of Wight op"]
[Site "Ryde"]
[Date "2025.02.21"]
[Round "6"]
[White "Westcott, Dale"]
[Black "Brett, Andrew"]
[Result "0-1"]
[WhiteElo "1770"]
[BlackElo "2047"]
[PlyCount "106"]
[EventDate "2025.02.18"]
[EventType "swiss"]
[EventRounds "9"]
[EventCountry "ENG"]
[SourceTitle "CB09_2025"]
[SourceDate "2025.02.27"]
[SourceVersion "1"]
[SourceVersionDate "2025.02.27"]
[SourceQuality "1"]

1. Nf3 d5 2. g3 Nf6 3. Bg2 g6 4. 0-0 Bg7 5. c4 c6 6. d4 0-0 7. cxd5 cxd5 8. Nc3 Ne4 9. Qc2 Nc6 10. Rd1 Bf5 11. Qb3 Nxc3 12. bxc3 Na5 13. Qb4 Bc2 14. Rd2 Be4 15. Rd1 Rc8 16. Bg5 f6 17. Be3 Nc4 18. Bh3 Nxe3 19. fxe3 Rc7 20. Rac1 b6 21. Be6+ Kh8 22. c4 Bh6 23. Kf2 dxc4 24. Rxc4 Rxc4 25. Qxc4 Bb7 26. Rc1 Qd6 27. Bh3 Bd5 28. Qc7 a5 29. Rc2 Qxc7 30. Rxc7 Bxa2 31. Rb7 Bd5 32. Rxb6 a4 33. Ra6 Ra8 34. Rxa8+ Bxa8 35. Be6 Be4 36. Nd2 Bc2 37. Ba2 e5 38. d5 Bf8 39. Nc4 Bc5 40. Ke1 Bb4+ 41. Kf2 Kg7 42. h3 Kf8 43. Kf3 Ke7 44. e4 Bc5 45. Nd2 Bd4 46. Nc4 Kd7 47. g4 g5 48. Na3 Bd1 49. Nc4 Kc7 50. Ne3 Bxe3 51. Kxe3 Bc2 52. Bc4 Kd6 53. Bd3 a3 0-1

[Event "Isle of Wight op"]
[Site "Ryde"]
[Date "2025.02.20"]
[Round "5"]
[White "Brett, Andrew"]
[Black "Shearsby, Jude"]
[Result "0-1"]
[WhiteElo "2047"]
[BlackElo "2227"]
[PlyCount "77"]
[EventDate "2025.02.18"]
[EventType "swiss"]
[EventRounds "9"]
[EventCountry "ENG"]
[SourceTitle "CB09_2025"]
[SourceDate "2025.02.27"]
[SourceVersion "1"]
[SourceVersionDate "2025.02.27"]
[SourceQuality "1"]

1. d4 Nf6 2. c4 g6 3. Nc3 Bg7 4. e4 d6 5. Be2 0-0 6. Be3 e5 7. d5 Na6 8. Nf3 b6 9. Nd2 h6 10. 0-0 Nh7 11. a4 f5 12. exf5 gxf5 13. f4 e4 14. a5 bxa5 15. Nb3 Qe8 16. Rxa5 c5 17. dxc6 Qxc6 18. Nd4 Qc7 19. Rd5 Qf7 20. Ncb5 Nb4 21. Rxd6 Nf6 22. Nc6 Nxc6 23. Rxc6 Bd7 24. Rc7 a6 25. Nd6 Qg6 26. c5 Be6 27. Bd4 Kh8 28. Bc4 Bxc4 29. Nxc4 Rac8 30. Ne5 Qh7 31. Rxc8 Rxc8 32. Qb3 Qg8 33. Ng6+ Kh7 34. Qxg8+ Nxg8 35. Ne5 Ne7 36. b4 Nd5 37. g3 Nxb4 38. Rb1 Nc2 39. Bc3 0-1

[Event "Isle of Wight op"]
[Site "Ryde"]
[Date "2025.02.18"]
[Round "1"]
[White "Brett, Andrew"]
[Black "Plat, Vojtech"]
[Result "0-1"]
[WhiteElo "2047"]
[BlackElo "2459"]
[PlyCount "82"]
[EventDate "2025.02.18"]
[EventType "swiss"]
[EventRounds "9"]
[EventCountry "ENG"]
[SourceTitle "CB09_2025"]
[SourceDate "2025.02.27"]
[SourceVersion "1"]
[SourceVersionDate "2025.02.27"]
[SourceQuality "1"]

1. Nf3 d6 2. d4 Bg4 3. Nbd2 Nd7 4. h3 Bh5 5. g3 c6 6. Bg2 e5 7. dxe5 dxe5 8. e4 Ngf6 9. 0-0 Qc7 10. Qe2 Be7 11. Re1 a5 12. Nc4 a4 13. Ne3 Bxf3 14. Qxf3 g6 15. a3 Nc5 16. Ng4 Nxg4 17. Qxg4 h5 18. Qe2 h4 19. Be3 Ne6 20. Kh2 Bg5 21. c3 Qe7 22. Rad1 Kf8 23. Rd2 Kg7 24. Red1 Bxe3 25. Qxe3 Rad8 26. Rxd8 Rxd8 27. Rxd8 Qxd8 28. Bf3 b6 29. Bg4 Nc5 30. Be2 Qe7 31. Bg4 hxg3+ 32. fxg3 Qd6 33. Be2 Qe6 34. c4 Qd6 35. Kg2 Qd4 36. Qxd4 exd4 37. e5 d3 38. Bd1 d2 39. Kf3 Nd3 40. Ke3 Nxb2 41. Kxd2 Nxc4+ 0-1

[Event "BCF-ch Seniors 50"]
[Site "Hull"]
[Date "2024.07.30"]
[Round "2"]
[White "Faulkner, Martin J"]
[Black "Brett, Andrew"]
[Result "0-1"]
[WhiteElo "1803"]
[BlackElo "2052"]
[PlyCount "118"]
[EventDate "2024.07.29"]
[EventType "swiss"]
[EventRounds "7"]
[EventCountry "ENG"]
[SourceTitle "CBM 221 Extra"]
[Source "ChessBase"]
[SourceDate "2024.09.30"]
[SourceVersion "1"]
[SourceVersionDate "2024.09.30"]
[SourceQuality "1"]

1. c4 e5 2. g3 Nf6 3. Bg2 c6 4. d4 e4 5. Nc3 d5 6. Bg5 Nbd7 7. cxd5 cxd5 8. Rc1 h6 9. Bd2 Bd6 10. Qb3 0-0 11. Nxd5 Nxd5 12. Qxd5 Nf6 13. Qb3 Be6 14. Qa4 Qb6 15. Nh3 Qxb2 16. Rc2 Qb1+ 17. Rc1 Qxa2 18. Qxa2 Bxa2 19. 0-0 Rfc8 20. e3 Bc4 21. Rfe1 g5 22. f3 Bd5 23. fxe4 Bxe4 24. Bf1 Rxc1 25. Rxc1 a5 26. Nf2 a4 27. Bc3 Rc8 28. Nxe4 Nxe4 29. Bb2 Rxc1 30. Bxc1 Nc3 31. Bb2 Nd1 32. Bc1 a3 33. Bc4 b5 34. Bb3 Nc3 35. Bd2 Ne4 36. Be1 g4 37. Kg2 Kg7 38. Kf1 h5 39. Kg2 f5 40. Ba2 Kf6 41. Bb3 Kg5 42. Kf1 Kg6 43. Kg2 Be7 44. Kf1 Ng5 45. Ke2 Nf3 46. h4 Nxe1 47. Kxe1 Bd6 48. Kf2 Kf6 49. Bd5 Ke7 50. Bg8 Kd7 51. Bd5 Kc7 52. Be6 Kb6 53. Bf7 Ka5 54. Ke2 Bxg3 55. Kd2 Bxh4 56. Kc2 g3 57. Bd5 Bg5 58. Bg2 Bxe3 59. d5 Bc5 0-1

[Event "BCF-chT2 2324 (4NCL)"]
[Site "England"]
[Date "2024.05.06"]
[Round "11.27"]
[White "Brett, Andrew"]
[Black "Handley, Michael R"]
[Result "1/2-1/2"]
[WhiteElo "2044"]
[BlackElo "1977"]
[PlyCount "63"]
[EventDate "2023.11.11"]
[EventType "team-tourn"]
[EventRounds "11"]
[EventCountry "ENG"]
[SourceTitle "CBM 219 Extra"]
[Source "ChessBase"]
[SourceDate "2024.05.31"]
[SourceVersion "1"]
[SourceVersionDate "2024.05.31"]
[SourceQuality "1"]
[WhiteTeam "Barbican"]
[BlackTeam "Schach Attack"]
[WhiteTeamCountry "ENG"]
[BlackTeamCountry "ENG"]

1. d4 Nf6 2. c4 g6 3. Nc3 d5 4. cxd5 Nxd5 5. e4 Nxc3 6. bxc3 Bg7 7. Nf3 c5 8. Bb5+ Nc6 9. 0-0 0-0 10. d5 Na5 11. Be3 a6 12. Be2 Qc7 13. Qd2 b5 14. Bh6 Bg4 15. Bxg7 Kxg7 16. Rad1 Bxf3 17. Bxf3 Nc4 18. Qc2 e5 19. dxe6 fxe6 20. Be2 Nb6 21. Qd2 Rad8 22. Qe3 e5 23. g3 Na4 24. h4 Rxd1 25. Rxd1 Rd8 26. h5 Rxd1+ 27. Bxd1 Nb2 28. Bg4 Qd6 29. Be2 Nc4 30. h6+ Kf7 31. Qf3+ Ke7 32. Bxc4 1/2-1/2

[Event "British Rapidplay"]
[Site "Peterborough"]
[Date "2024.03.03"]
[Round "10"]
[White "Milewska, Agnieszka"]
[Black "Brett, Andrew"]
[Result "0-1"]
[WhiteElo "1769"]
[BlackElo "2064"]
[PlyCount "64"]
[EventDate "2024.03.02"]
[EventType "swiss (rapid)"]
[EventRounds "11"]
[EventCountry "ENG"]
[SourceTitle "CBM 219 Extra"]
[Source "ChessBase"]
[SourceDate "2024.05.31"]
[SourceVersion "1"]
[SourceVersionDate "2024.05.31"]
[SourceQuality "1"]

1. d4 Nf6 2. c4 e6 3. Nf3 d5 4. e3 Nbd7 5. Nc3 c6 6. cxd5 exd5 7. Be2 Bd6 8. 0-0 0-0 9. h3 Re8 10. b3 b6 11. Bb2 Bb7 12. Rc1 Rc8 13. Bd3 Qe7 14. Re1 Ne4 15. Qc2 f5 16. Ne2 Rf8 17. Nf4 Rce8 18. Nd2 g5 19. Bxe4 fxe4 20. Ne2 Qf6 21. Rf1 g4 22. hxg4 Qh4 23. g3 Qxg4 24. Nf4 Bxf4 25. exf4 e3 26. Kg2 exd2 27. Rh1 Nf6 28. Qxd2 Re2 29. Qd1 Qe6 30. Ba3 Re8 31. Rf1 Ng4 32. Rc3 Ne3+ 0-1

[Event "British Rapidplay"]
[Site "Peterborough"]
[Date "2024.03.03"]
[Round "8"]
[White "Wells, Peter K"]
[Black "Brett, Andrew"]
[Result "1-0"]
[WhiteElo "2351"]
[BlackElo "2064"]
[PlyCount "45"]
[EventDate "2024.03.02"]
[EventType "swiss (rapid)"]
[EventRounds "11"]
[EventCountry "ENG"]
[SourceTitle "CBM 219 Extra"]
[Source "ChessBase"]
[SourceDate "2024.05.31"]
[SourceVersion "1"]
[SourceVersionDate "2024.05.31"]
[SourceQuality "1"]

1. d4 Nf6 2. c4 g6 3. Nc3 Bg7 4. e4 d6 5. Nf3 0-0 6. Be2 Nbd7 7. 0-0 e5 8. Be3 c6 9. Qc2 Qe7 10. Rad1 Ng4 11. Bg5 f6 12. Bh4 h5 13. h3 Nh6 14. c5 g5 15. cxd6 Qe8 16. dxe5 Nf7 17. Bc4 Ndxe5 18. Nxe5 Qxe5 19. Bg3 Qe8 20. e5 fxe5 21. Qg6 h4 22. Bd3 Nh6 23. Qh7+ 1-0

[Event "British Rapidplay"]
[Site "Peterborough"]
[Date "2024.03.02"]
[Round "5"]
[White "Brett, Andrew"]
[Black "Vaidyanathan, Adithya"]
[Result "0-1"]
[WhiteElo "2064"]
[BlackElo "1900"]
[PlyCount "236"]
[EventDate "2024.03.02"]
[EventType "swiss (rapid)"]
[EventRounds "11"]
[EventCountry "ENG"]
[SourceTitle "CBM 219 Extra"]
[Source "ChessBase"]
[SourceDate "2024.05.31"]
[SourceVersion "1"]
[SourceVersionDate "2024.05.31"]
[SourceQuality "1"]

1. d4 Nf6 2. c4 c5 3. d5 b5 4. cxb5 a6 5. e3 e6 6. dxe6 fxe6 7. Nc3 d5 8. Nf3 Be7 9. bxa6 Bxa6 10. Bxa6 Nxa6 11. Qa4+ Nd7 12. Qg4 Kf7 13. 0-0 g6 14. Qf4+ Kg7 15. Ne2 Rf8 16. Qg4 Qb6 17. Nf4 Nc7 18. b3 Nf6 19. Bb2 Kg8 20. Qh3 Ne4 21. Qh6 Bf6 22. Bxf6 Nxf6 23. Nd3 Ne4 24. Nde5 Qd6 25. Qh4 Rf5 26. Rfd1 Rxe5 27. Qf4 Rf5 28. Qxe4 dxe4 29. Rxd6 exf3 30. Rc6 Ra7 31. Rd1 Rd5 32. Rc1 fxg2 33. Kxg2 Kf7 34. a4 Ke7 35. e4 Rg5+ 36. Kf3 Kd7 37. Rb6 Ra8 38. Rd1+ Kc8 39. h4 Rh5 40. Rc6 Ra6 41. Rxa6 Nxa6 42. Rd6 Nc7 43. Kg3 c4 44. b4 Kb7 45. Rd4 c3 46. Rc4 Na6 47. Rxc3 g5 48. b5 Nc7 49. hxg5 Rxg5+ 50. Kf4 Rg2 51. Rh3 Rxf2+ 52. Ke5 Ra2 53. Rxh7 Rxa4 54. Kd6 Rd4+ 55. Kc5 Rxe4 56. b6 Re5+ 57. Kd4 Rd5+ 58. Ke4 Kxb6 59. Rh1 Kc6 60. Ra1 Rc5 61. Kd4 e5+ 62. Ke4 Kd6 63. Rh1 Rc4+ 64. Kd3 Rd4+ 65. Ke2 Ne6 66. Rh6 Kd5 67. Rh7 Nc5 68. Rh8 Ne4 69. Rd8+ Nd6 70. Rd7 e4 71. Ra7 Ke5 72. Re7+ Kf5 73. Rd7 Ke6 74. Ra7 Nf5 75. Ra5 Rd5 76. Ra8 Ke5 77. Ra7 Kf4 78. Ra3 Ng3+ 79. Kf2 e3+ 80. Ke1 Kf3 81. Rxe3+ Kf4 82. Ra3 Nf5 83. Ke2 Nd4+ 84. Kf2 Rb5 85. Ra2 Rb3 86. Kg2 Ne6 87. Ra4+ Kf5 88. Ra5+ Kg4 89. Ra4+ Nf4+ 90. Kf2 Rf3+ 91. Ke1 Kf5 92. Kd2 Ne6 93. Ra5+ Ke4 94. Ra8 Kd4 95. Ra4+ Ke5 96. Ra5+ Ke4 97. Ra4+ Nd4 98. Ra8 Rd3+ 99. Kc1 Rc3+ 100. Kb2 Kd3 101. Rh8 Rc2+ 102. Kb1 Rg2 103. Rh3+ Kc4 104. Re3 Nb5 105. Re8 Rd2 106. Rh8 Kb3 107. Kc1 Rf2 108. Rb8 Kc4 109. Rc8+ Kd3 110. Rd8+ Nd4 111. Ra8 Nb3+ 112. Kb1 Nd2+ 113. Kb2 Nc4+ 114. Kb1 Kc3 115. Ra7 Rf1+ 116. Ka2 Re1 117. Rh7 Re2+ 118. Kb1 Na3+ 0-1

[Event "British Rapidplay"]
[Site "Peterborough"]
[Date "2024.03.02"]
[Round "4"]
[White "Keohane, Benedict A"]
[Black "Brett, Andrew"]
[Result "0-1"]
[WhiteElo "1965"]
[BlackElo "2064"]
[PlyCount "80"]
[EventDate "2024.03.02"]
[EventType "swiss (rapid)"]
[EventRounds "11"]
[EventCountry "ENG"]
[SourceTitle "CBM 219 Extra"]
[Source "ChessBase"]
[SourceDate "2024.05.31"]
[SourceVersion "1"]
[SourceVersionDate "2024.05.31"]
[SourceQuality "1"]

1. e4 e5 2. f4 d5 3. exd5 exf4 4. Nf3 Nf6 5. c4 c6 6. d4 Bb4+ 7. Nc3 cxd5 8. Be2 0-0 9. 0-0 Nc6 10. Bxf4 Bg4 11. Bg5 Be7 12. Bxf6 Bxf6 13. Nxd5 Bxf3 14. Nxf6+ Qxf6 15. Bxf3 Qxd4+ 16. Qxd4 Nxd4 17. Bxb7 Rab8 18. Bd5 Rxb2 19. Rxf7 Rxf7 20. Rf1 Rbb7 21. Re1 Kf8 22. Bxb7 Rxb7 23. Re4 Nc6 24. h4 Re7 25. Rf4+ Ke8 26. c5 Kd7 27. Ra4 Ke6 28. Re4+ Kd5 29. Rg4 Kxc5 30. h5 h6 31. Rg6 a5 32. Rg4 Ne5 33. Re4 Nf3+ 34. gxf3 Rxe4 35. fxe4 Kd4 36. Kf2 Kxe4 37. Ke2 Kf4 38. Kd3 Kg5 39. Kc4 Kxh5 40. Kb5 g5 0-1

[Event "Cambridge op 2nd"]
[Site "Cambridge"]
[Date "2024.02.23"]
[Round "8"]
[White "Woods, Yannick"]
[Black "Brett, Andrew"]
[Result "1/2-1/2"]
[WhiteElo "1817"]
[BlackElo "2085"]
[PlyCount "98"]
[EventDate "2024.02.19"]
[EventType "swiss"]
[EventRounds "9"]
[EventCountry "ENG"]
[SourceTitle "CBM 218 Extra"]
[Source "ChessBase"]
[SourceDate "2024.03.31"]
[SourceVersion "1"]
[SourceVersionDate "2024.03.31"]
[SourceQuality "1"]

1. e4 e5 2. Nf3 Nc6 3. Bb5 a6 4. Ba4 Nf6 5. 0-0 Be7 6. Re1 b5 7. Bb3 0-0 8. a4 Bb7 9. d3 d6 10. c3 Na5 11. Ba2 c5 12. Nbd2 h6 13. Nf1 c4 14. Ng3 Re8 15. d4 Bf8 16. d5 Bc8 17. h3 Bd7 18. axb5 axb5 19. Be3 Qc7 20. Bd2 Nb7 21. b4 cxb3 22. Bxb3 Na5 23. Bc2 Nc4 24. Bd3 Rec8 25. Rxa8 Rxa8 26. Bc1 Na5 27. Qe2 Rb8 28. Qc2 Nb7 29. Ba3 Nc5 30. Rb1 Ra8 31. Bxc5 Qxc5 32. Rb4 Ra1+ 33. Kh2 Ra3 34. Ne2 Qxf2 35. Bxb5 Bxb5 36. Rxb5 Ra1 37. Rb4 Nh5 38. Qb2 Qf1 39. Ng3 Nxg3 40. Kxg3 Be7 41. Rb7 Bg5 42. Rb8+ Kh7 43. Nxg5+ hxg5 44. Qf2 Qxf2+ 45. Kxf2 Ra2+ 46. Kf3 Rc2 47. Rc8 g6 48. c4 f5 49. c5 dxc5 1/2-1/2

[Event "ENG-ch Seniors 50"]
[Site "Leamington Spa"]
[Date "2023.05.07"]
[Round "5"]
[White "Brett, Andrew"]
[Black "Rich, Mark"]
[Result "1-0"]
[WhiteElo "2085"]
[BlackElo "2070"]
[PlyCount "107"]
[EventDate "2023.05.04"]
[EventType "swiss"]
[EventRounds "7"]
[EventCountry "ENG"]
[SourceTitle "CBM 214 Extra"]
[Source "ChessBase"]
[SourceDate "2023.07.31"]
[SourceVersion "1"]
[SourceVersionDate "2023.07.31"]
[SourceQuality "1"]

1. d4 f5 2. g3 e6 3. Bg2 Be7 4. Nf3 Nf6 5. 0-0 0-0 6. c4 d6 7. Nc3 Ne4 8. Nxe4 fxe4 9. Ne1 d5 10. Be3 Nd7 11. f3 dxc4 12. fxe4 Rxf1+ 13. Kxf1 b5 14. a4 bxa4 15. Qxa4 Nb6 16. Qc2 Bb7 17. Nf3 Qf8 18. Bh3 Qf7 19. Kg1 Qg6 20. Ne5 Qxe4 21. Bxe6+ Kf8 22. Qxe4 Bxe4 23. Nxc4 Bf6 24. Nxb6 axb6 25. Rxa8+ Bxa8 26. Bf5 h6 27. Bf2 Bd5 28. Bd3 Ke7 29. e4 Bb3 30. Be3 Kd7 31. Kf2 c5 32. Bb5+ Kd8 33. dxc5 bxc5 34. Bxc5 Bxb2 35. Kf3 Be6 36. Bd6 Bd7 37. Bc4 h5 38. Bc5 Be5 39. Ke3 Kc7 40. Be7 Bg4 41. Bb5 Bd7 42. Be2 Be8 43. Bc5 Kc6 44. Ba3 g5 45. Be7 g4 46. Bc4 Bg6 47. Be6 Bc7 48. Bd5+ Kd7 49. Bf6 Bd6 50. Bc4 Kc6 51. Bc3 h4 52. e5 hxg3 53. hxg3 Be7 54. Kf4 1-0

[Event "ENG-ch Seniors 50"]
[Site "Leamington Spa"]
[Date "2023.05.06"]
[Round "4"]
[White "Lewis, Andrew P"]
[Black "Brett, Andrew"]
[Result "1-0"]
[WhiteElo "2230"]
[BlackElo "2085"]
[PlyCount "135"]
[EventDate "2023.05.04"]
[EventType "swiss"]
[EventRounds "7"]
[EventCountry "ENG"]
[SourceTitle "CBM 214 Extra"]
[Source "ChessBase"]
[SourceDate "2023.07.31"]
[SourceVersion "1"]
[SourceVersionDate "2023.07.31"]
[SourceQuality "1"]

1. d4 Nf6 2. c4 e6 3. Nc3 Bb4 4. a3 Bxc3+ 5. bxc3 c5 6. e3 Nc6 7. Bd3 b6 8. Ne2 d6 9. e4 e5 10. 0-0 Qe7 11. h3 Bd7 12. d5 Na5 13. f4 h6 14. Ng3 0-0-0 15. a4 Rdf8 16. Ra2 Rhg8 17. Be3 Ne8 18. Kh2 exf4 19. Bxf4 g5 20. Bd2 Ng7 21. Be1 h5 22. Nf5 Nxf5 23. exf5 Qf6 24. Qxh5 g4 25. Qh4 Qe5+ 26. Qg3 gxh3 27. Qxe5 dxe5 28. Kxh3 f6 29. g4 Rf7 30. Rg1 Rh7+ 31. Kg3 Rhg7 32. Kf3 Rh7 33. Rgg2 Nb7 34. Be2 Nd6 35. a5 Kb7 36. Bg3 Rhg7 37. a6+ Kc7 38. Bh4 Bxf5 39. Bxf6 Be4+ 40. Kg3 Bxg2 41. Bxg7 Rxg7 42. Kxg2 Ne4 43. Bf3 Ng5 44. Kg3 Kd6 45. Rh2 e4 46. Bg2 b5 47. Kf4 b4 48. Rh6+ Kd7 49. cxb4 cxb4 50. c5 b3 51. Rh1 e3 52. Kxe3 Nh7 53. Be4 Nf6 54. Bf5+ Kc7 55. Kd4 Nxg4 56. Rb1 Nh6 57. d6+ Kc6 58. Be4+ Kd7 59. Rxb3 Rg1 60. Rb7+ Ke6 61. Bd5+ Kf6 62. Rxa7 Nf5+ 63. Kc3 Rc1+ 64. Kb4 Rb1+ 65. Ka5 Rd1 66. Rf7+ Ke5 67. Rxf5+ Kxf5 68. a7 1-0

[Event "BCF-chT2 2223 (4NCL)"]
[Site "England"]
[Date "2023.05.01"]
[Round "11.26"]
[White "Snape, Ian L"]
[Black "Brett, Andrew"]
[Result "1-0"]
[WhiteElo "2173"]
[BlackElo "2085"]
[PlyCount "97"]
[EventDate "2022.10.22"]
[EventType "team-tourn"]
[EventRounds "11"]
[EventCountry "ENG"]
[SourceTitle "EXT 2024"]
[Source "ChessBase"]
[SourceDate "2023.10.10"]
[SourceVersion "1"]
[SourceVersionDate "2023.10.10"]
[SourceQuality "1"]
[WhiteTeam "The ADS"]
[BlackTeam "Barbican"]
[WhiteTeamCountry "ENG"]
[BlackTeamCountry "ENG"]

1. c4 e5 2. Nc3 Nf6 3. g3 Bb4 4. Nd5 Nxd5 5. cxd5 0-0 6. Bg2 c6 7. a3 Be7 8. d4 exd4 9. Qxd4 Re8 10. Be3 d6 11. Nh3 Bf6 12. Qd2 c5 13. Rc1 Bf5 14. 0-0 Qd7 15. Nf4 g6 16. Kh1 Na6 17. f3 Qe7 18. Bf2 Nc7 19. e4 Bc8 20. Nd3 b6 21. f4 Ba6 22. Rfe1 Bxd3 23. Qxd3 Bxb2 24. Rcd1 Bg7 25. e5 Rad8 26. Bh3 Qf8 27. e6 fxe6 28. dxe6 d5 29. f5 g5 30. Qe2 Bf6 31. Bg4 d4 32. h4 Re7 33. Bh5 Kh8 34. Bf7 Rxf7 35. exf7 Qxf7 36. hxg5 Bxg5 37. g4 Rd6 38. Bg3 Rh6+ 39. Kg2 Qd5+ 40. Qf3 Qxf3+ 41. Kxf3 Nd5 42. Re8+ Kg7 43. Be5+ Kf7 44. Rb8 Rh3+ 45. Kg2 Re3 46. Rb7+ Ke8 47. Bxd4 Nf4+ 48. Kf2 Bh4+ 49. Kxe3 1-0

[Event "ECF Charity Marathon UKR"]
[Site "Chess.com INT"]
[Date "2022.04.03"]
[Round "?"]
[White "Brett, Andrew"]
[Black "Hebden, Mark"]
[Result "0-1"]
[WhiteElo "2085"]
[BlackElo "2448"]
[PlyCount "68"]
[EventDate "2022.04.02"]
[EventType "swiss (blitz)"]
[EventRounds "74"]
[EventCountry "USA"]
[SourceTitle "CBM 207 Extra"]
[Source "ChessBase"]
[SourceDate "2022.05.31"]
[SourceVersion "1"]
[SourceVersionDate "2022.05.31"]
[SourceQuality "1"]

1. c4 g6 2. Nc3 Bg7 3. e4 c5 4. g3 Nc6 5. Bg2 a6 6. a4 d6 7. d3 Nf6 8. Nge2 0-0 9. 0-0 Rb8 10. h3 Ne8 11. Be3 e5 12. Rb1 Nc7 13. f4 exf4 14. Nxf4 Bd7 15. Nfd5 Nxd5 16. Nxd5 Nd4 17. b4 Bc6 18. bxc5 dxc5 19. Bf4 Rc8 20. e5 Re8 21. Qd2 Bxe5 22. Bxe5 Rxe5 23. Nf6+ Kg7 24. Ng4 Re2 25. Qh6+ Kg8 26. Bxc6 Rxc6 27. Rxf7 Kxf7 28. Qxh7+ Ke6 29. Rf1 Kd6 30. Nh6 Qe7 31. Qxg6+ Kc7 32. Qh5 Rf6 33. Rxf6 Qxf6 34. Qxc5+ Nc6 0-1